Aspectos legales de la computación en la nube / (Registro nro. 4908)
[ vista simple ]
| 000 -LEADER | |
|---|---|
| fixed length control field | 02170nam a2200301Ia 4500 |
| 003 - CONTROL NUMBER IDENTIFIER | |
| control field | OSt |
| 005 - DATE AND TIME OF LATEST TRANSACTION | |
| control field | 20200325121220.0 |
| 008 - FIXED-LENGTH DATA ELEMENTS--GENERAL INFORMATION | |
| fixed length control field | 191128s2012 ck fr 000 0dspa d |
| 020 ## - INTERNATIONAL STANDARD BOOK NUMBER | |
| International Standard Book Number | 9789587108491 |
| 040 ## - CATALOGING SOURCE | |
| Original cataloging agency | CO-JMCR |
| Transcribing agency | CO-JMCR |
| 041 0# - LANGUAGE CODE | |
| Language code of text/sound track or separate title | spa |
| 082 04 - DEWEY DECIMAL CLASSIFICATION NUMBER | |
| Classification number | 004.36 / |
| Item number | P349a |
| 100 1# - MAIN ENTRY--PERSONAL NAME | |
| Personal name | Peña Valenzuela, Daniel, |
| Relator term | autor |
| 9 (RLIN) | 1666 |
| 245 10 - TITLE STATEMENT | |
| Title | Aspectos legales de la computación en la nube / |
| Statement of responsibility, etc. | Daniel Peña Valenzuela, Juan David Bazzani Montoya |
| 250 ## - EDITION STATEMENT | |
| Edition statement | Primera edición |
| 260 ## - PUBLICATION, DISTRIBUTION, ETC. | |
| Place of publication, distribution, etc. | Bogotá : |
| Name of publisher, distributor, etc. | Universidad Externado de Colombia, |
| Date of publication, distribution, etc. | 2012. |
| 300 ## - PHYSICAL DESCRIPTION | |
| Extent | 121 páginas ; |
| Dimensions | 21 cm. |
| 500 ## - GENERAL NOTE | |
| General note | Incluye datos biográficos de los autores. |
| 500 ## - GENERAL NOTE | |
| General note | Incluye notas a pie de página. |
| 504 ## - BIBLIOGRAPHY, ETC. NOTE | |
| Bibliography, etc. note | Bibliografía: páginas 119-121. |
| 505 0# - FORMATTED CONTENTS NOTE | |
| Formatted contents note | ¿Qué es la computación en nube? -- La computación en la nube desde una perspectiva legal -- Problemas jurídicos específicos de la computación en la nube -- Tendencias presentes y futuras de la computación en la nube |
| 520 ## - SUMMARY, ETC. | |
| Summary, etc. | Somos conscientes de la forma en la que la tecnología evoluciona. Hoy por hoy, el avance de los sistemas de infomación presenta una serie de posibilidades que antes era imposible de imaiginar. Así ha ocurrido con la computación en la nube, pues se ha convertido en el paradigma actual de la forma en que se interactúa con los diferentes servicios de internet, hasta el punto que el sector empresarial de medios electrónicos que trabajan en la producción de software y hardware ha cambiado sus modelos de mercado basándolos en sistemas que operan a partir de modelos de computación en la nube. De allí la enorme tarea que tiene el Derecho para análizar estos temas y diseñar una regulación acorde con el avance continuo y revolucionario de la tecnología. Es esa, precisamente, la razón por la cual este texto se hace relevante para un interesado en la computación en la nube. |
| 650 14 - SUBJECT ADDED ENTRY--TOPICAL TERM | |
| Topical term or geographic name entry element | Aspectos jurídicos |
| General subdivision | computación en la nube |
| 9 (RLIN) | 1667 |
| 650 14 - SUBJECT ADDED ENTRY--TOPICAL TERM | |
| Topical term or geographic name entry element | Internet |
| General subdivision | legislación |
| Geographic subdivision | Colombia |
| 9 (RLIN) | 1668 |
| 650 14 - SUBJECT ADDED ENTRY--TOPICAL TERM | |
| Topical term or geographic name entry element | Comercio electrónico |
| General subdivision | legislación |
| Geographic subdivision | Colombia |
| 9 (RLIN) | 1669 |
| 700 1# - ADDED ENTRY--PERSONAL NAME | |
| Personal name | Bazzani Montoya, Juan David, |
| Relator term | autor |
| 9 (RLIN) | 1670 |
| 942 ## - ADDED ENTRY ELEMENTS (KOHA) | |
| Source of classification or shelving scheme | Dewey Decimal Classification |
| Koha item type | Books |
| Withdrawn status | Lost status | Source of classification or shelving scheme | Damaged status | Not for loan | Collection code | Home library | Current library | Date acquired | Source of acquisition | Cost, normal purchase price | Total Checkouts | Full call number | Barcode | Date last seen | Date last checked out | Copy number | Price effective from | Koha item type |
|---|---|---|---|---|---|---|---|---|---|---|---|---|---|---|---|---|---|---|
| Dewey Decimal Classification | Non-fiction | Biblioteca Pública José María del Castillo y Rada | Biblioteca Pública José María del Castillo y Rada | 04/15/2018 | Donación | 0.00 | 1 | 004.36 / P349a | 430000948 | 05/16/2024 | 08/31/2022 | Ej.1 | 11/28/2019 | Books |